| 000 | 00426nam a2200181Ia 4500 | ||
|---|---|---|---|
| 003 | 0100 | ||
| 005 | 20150407171530.0 | ||
| 008 | 130303s9999 xx 000 0 und d | ||
| 040 | _cARRUPELIB | ||
| 050 | _aBX3756.N6C7 | ||
| 100 |
_aCronin, Vincent _916679 |
||
| 245 | 2 | _aA pearl to India | |
| 245 | _bthe life of Roberto de Nobili | ||
| 260 | _aNY | ||
| 260 |
_bDutton _c1959 |
||
| 300 | _a297p | ||
| 942 |
_2lcc _cMONOGRAPH |
||
| 999 |
_c48128 _d48128 |
||